Zoology of New York, or the New-York fauna; (Record no. 24572)

MARC details
000 -LEADER
fixed length control field 01276cam a22002651 4500
001 - CONTROL NUMBER
control field gs 07000383
003 - CONTROL NUMBER IDENTIFIER
control field DLC
005 - DATE AND TIME OF LATEST TRANSACTION
control field 20260227111305.0
008 - FIXED-LENGTH DATA ELEMENTS--GENERAL INFORMATION
fixed length control field 750224m18421844nyuf 000 0 eng c
010 ## - LIBRARY OF CONGRESS CONTROL NUMBER
LC control number gs 07000383
035 ## - SYSTEM CONTROL NUMBER
System control number (OCoLC)1185743
040 ## - CATALOGING SOURCE
Original cataloging agency U.S. Geol. Survey. Library
Transcribing agency NFredU
Modifying agency OCoLC
-- DLC
042 ## - AUTHENTICATION CODE
Authentication code premarc
050 00 - LIBRARY OF CONGRESS CALL NUMBER
Classification number QH105.N7
Item number N2 div. 1
051 ## - LIBRARY OF CONGRESS COPY, ISSUE, OFFPRINT STATEMENT
Classification number QL195
Item number .D4
Copy information Copy 2
245 10 - TITLE STATEMENT
Title Zoology of New York, or the New-York fauna;
Remainder of title comprising detailed descriptions of all the animals hitherto observed within the state of New York, with brief notices of those occasionally found near its borders, and accompanied by appropriate illustrations.
Statement of responsibility, etc. By James De Kay ...
260 ## - PUBLICATION, DISTRIBUTION, ETC.
Place of publication, distribution, etc. Albany,
Name of publisher, distributor, etc. Printed by Carroll and Cook, printers to the Assembly [etc.]
Date of publication, distribution, etc. 1842-44.
300 ## - PHYSICAL DESCRIPTION
Extent 6 pts. in 5 v.
Other physical details plates (part col.)
Dimensions 29 x 23 cm.
490 0# - SERIES STATEMENT
Series statement Natural history of New York ...
Volume/sequential designation [div. 1]
500 ## - GENERAL NOTE
General note Parts 1, 3 and 4 printed by W. & A. White & J. Visscher.
504 ## - BIBLIOGRAPHY, ETC. NOTE
Bibliography, etc. note Includes bibliogaphical references.
505 0# - FORMATTED CONTENTS NOTE
Formatted contents note pt. I. Mammalia.--pt. II. Birds.--pt. III. Reptiles and Amphibia.--pt. IV. Fishes.--pt. V. Mollusca.--pt. VI. Crustacea.
650 #0 - SUBJECT ADDED ENTRY--TOPICAL TERM
Topical term or geographic name entry element Animals
Geographic subdivision New York (State)
700 1# - ADDED ENTRY--PERSONAL NAME
Personal name De Kay, James E.
Fuller form of name (James Ellsworth),
Dates associated with a name 1792-1851.

No items available.

Powered by Koha